NBA International Players - Statistics

General Stats
  • This quiz has been taken 4,486 times
  • The average score is 11 of 26
Answer Stats
Team Country Answer % Correct
Spurs Argentina Manu Ginobili
90%
Spurs France Tony Parker
82%
Mavericks Germany Dirk Nowitzki
72%
Warriors Australia Andrew Bogut
64%
Bulls Spain Pau Gasol
62%
Thunder Congo Serge Ibaka
54%
Spurs U.S. Virgin Islands Tim Duncan
52%
Mavericks/Suns/Lakers/Retired Canada Steve Nash
51%
Wizards Brazil Nene
50%
Hawks Dominican Republic Al Horford
46%
Wizards Poland Marcin Gortat
46%
Timberwolves Spain Ricky Rubio
46%
Cavaliers Brazil Anderson Varejao
43%
Cavaliers Australia Kyrie Irving
43%
Raptors Argentina Luis Scola
42%
Hornets France Nicolas Batum
41%
Spurs France Boris Diaw
40%
Heat Slovenia Goran Dragic
36%
Heat Great Britain Luol Deng
33%
Hawks Brazil Tiago Splitter
30%
Spurs Italy Marco Belinelli
29%
Timberwolves Montenegro Nikola Pekovic
28%
Pelicans Turkey Omer Asik
21%
Raptors Canada Anthony Bennett
16%
Celtics Sweden Jonas Jerebko
16%
Knicks Russia Alexey Shved
13%
No matching quizzes found
Score Distribution
Percent of People with Each Score
Percentile by Number Answered
Your Score History
You have not taken this quiz